| 000 | 00629nam a2200205Ia 4500 | ||
|---|---|---|---|
| 008 | 191130s1995##################000#0#eng## | ||
| 020 | _a9780700703111 | ||
| 040 |
_aACL _cACL |
||
| 082 | _a297.4092 HAL | ||
| 100 | _aMason, Herbert | ||
| 245 |
_aAl-Hallaj _cHerbert W. Mason |
||
| 260 |
_aRichmond, Surrey _bCurzon Press _c1995 |
||
| 300 | _axv, 107 p. ; 22 cm | ||
| 500 | _aIncludes bibliographical references (p. 99-103) and indexes | ||
| 650 | _aḤallāj, al-Ḥusayn ibn Manṣūr, 858 or 9-922 | ||
| 650 | _aSufis - Biography | ||
| 990 | _add617585ac10000c1cd3676c54c6e52f | ||
| 991 | _a241900 | ||
| 999 |
_c365818 _d365818 |
||